| 000 | 00449nam a22001937a 4500 | ||
|---|---|---|---|
| 003 | OSt | ||
| 005 | 20180116183025.0 | ||
| 008 | 151203b xxu||||| |||| 00| 0 eng d | ||
| 020 | _a078252004503 | ||
| 040 | _c0 | ||
| 082 | _a813 54 MAS 1990 | ||
| 100 | _aRobert Mason | ||
| 245 |
_aWeapon _cRobert Mason |
||
| 260 |
_aNew York _bCharter Books _c1990 |
||
| 300 |
_a314 p. _bPB |
||
| 440 | _aWeapon | ||
| 600 | _aRobert Mason | ||
| 942 |
_2ddc _cBK |
||
| 999 |
_c350750 _d350750 |
||